ESRI map book. (Registro nro. 17271)

Detalles MARC
000 -CABECERA
Campo de control 01168cas a2200277 a 4500
005 - FECHA Y HORA DE LA ULTIMA TRANSACCION
Campo de control 20171127090338.0
008 - ELEMENTOS DE LONGITUD FIJA—INFORMACION GENERAL
Campo de control 950530c19959999cauar1 0 a0eng d
022 0# - ISSN
ISSN 1540-4145
040 ## - FUENTE DE CATALOGACIÓN
Agencia catalogadora original CAW
Agencia transcriptora CAW
Agencia Modificadora CLU
-- WAU
-- GUA
-- IUL
-- DLC
-- MYG
041 0# - IDIOMA
Código de idioma para texto/pista de sonido o título separado Inglés
044 ## - PAÍS DE PUBLICACIÓN
País de publicación Estados Unidos
090 ## - CLASIFICACIÓN LOCAL
Colección SE
245 00 - MENCION DE TITULO
Título ESRI map book.
246 23 - FORMA VARIANTE DEL TITULO
Título propiamente dicho/forma breve del título Environmental Systems Research Institute map book
260 ## - PUBLICACION, DISTRIBUCION, ETC. (PIE DE IMPRENTA)
Lugar de publicación, distribución, etc. Redlands, CA (EE.UU.) :
Nombre del editor, distribuidor, etc. Environmental Systems Research Institute,
Fecha de publicación, distribución, etc. c1995-
300 ## - DESCRIPCION FISICA
Otros detalles físicos mapas (algunos a color) ;
Dimensiones 29 cm.
310 ## - FRECUENCIA ACTUAL DE LA PUBLICACIÓN
Frecuencia actual de la publicación Anual
650 26 - ASIENTO SECUNDARIO DE MATERIA - TERMINO TEMATICO
Término temático o nombre geográfico como elemento de entrada Sistemas de información geográfica
Subdivisión de forma Publicaciones periódicas
9 (RLIN) 87273
650 26 - ASIENTO SECUNDARIO DE MATERIA - TERMINO TEMATICO
Término temático o nombre geográfico como elemento de entrada Geografía
Subdivisión general Programas de ordenador
Subdivisión de forma Publicaciones periódicas
9 (RLIN) 87275
650 26 - ASIENTO SECUNDARIO DE MATERIA - TERMINO TEMATICO
Término temático o nombre geográfico como elemento de entrada Cartografía
Subdivisión general Programas de ordenador
Subdivisión de forma Publicaciones periódicas
9 (RLIN) 87277
650 26 - ASIENTO SECUNDARIO DE MATERIA - TERMINO TEMATICO
Término temático o nombre geográfico como elemento de entrada Almacenamiento de información
Subdivisión general Geografía
Subdivisión de forma Publicaciones periódicas
9 (RLIN) 87279
650 26 - ASIENTO SECUNDARIO DE MATERIA - TERMINO TEMATICO
Término temático o nombre geográfico como elemento de entrada Recuperación de información
Subdivisión general Geografía
Subdivisión de forma Publicaciones periódicas
9 (RLIN) 87281
710 2# - ASIENTO SECUNDARIO - NOMBRE CORPORATIVO
Nombre corporativo o de jurisdicción como elemento de entrada Environmental Systems Research Institute (Redlands, Calif.)
9 (RLIN) 51684
780 00 - ASIENTO DEL TITULO ANTERIOR
Title ARC/INFO map book
International Standard Serial Number 1540-4013
Record control number (DLC)sn 94017860
-- (OCoLC)30851329
942 ## - ELEMENTOS ADICIONALES (KOHA)
Sistema de clasificación Local
Tipo de ítem Periodica o revista
Existencias
Withdrawn status Lost status Damaged status No para préstamo Colección Fecha publicación (Año) Volumen revista Ubicación Permanente Ubicación actual Fecha de adquisición Fuente de adquisición Total Checkouts Número topográfico Inventario / Código de Barras Date last seen Ejemplar Price effective from Forma de adquisición Tipo de material Sistema de Clasificación Inventariado Datos de publicación Seriada
        Hemeroteca 2000 15 Bogotá Bogotá 27/11/2017     SE 043057 27/11/2017 Ej. 1 27/11/2017 Donación Periodica o revista Local Inventariado 2017 Volumen 15 (01/06/2000)
        Hemeroteca 2001 16 Bogotá Bogotá 27/11/2017     SE 043058 27/11/2017 Ej. 1 27/11/2017 Donación Periodica o revista Local Inventariado 2017 Volumen 16 (01/07/2001)
        Hemeroteca 2002 17 Bogotá Bogotá 27/11/2017     SE 043059 27/11/2017 Ej. 1 27/11/2017 Donación Periodica o revista Local Inventariado 2017 Volumen 17 (01/07/2002)
        Hemeroteca 2003 18 Bogotá Bogotá 27/11/2017     SE 043060 27/11/2017 Ej. 1 27/11/2017 Donación Periodica o revista Local Inventariado 2017 Volumen 18 (01/07/2003)
        Hemeroteca 2004 19 Bogotá Bogotá 27/11/2017     SE 043061 27/11/2017 Ej. 1 27/11/2017 Donación Periodica o revista Local Inventariado 2017 Volumen 19 (01/07/2004)
        Hemeroteca 2003 18 Villa de Leyva Villa de Leyva 24/05/2005 SIG   SERIADAS 01508 018943 25/03/2015 1 25/03/2015   Periodica o revista      
        Hemeroteca 2002 17 Villa de Leyva Villa de Leyva 24/05/2005 SIG   SERIADAS 01508 018944 25/03/2015 1 25/03/2015   Periodica o revista      
        Hemeroteca 2001   Villa de Leyva Villa de Leyva 24/05/2005 SIG   SERIADAS 01508 018942 25/03/2015 1 25/03/2015   Periodica o revista